La planificación didáctica
Сохранить в:
| Главные авторы: | , , |
|---|---|
| Формат: | |
| Язык: | испанский |
| Опубликовано: |
Barcelona, España.
Graó,
2004
|
| Редактирование: | 1a. edición |
| Серии: | Claves para la Innovación Educativa,
|
| Предметы: | |
| Метки: |
Добавить метку
Нет меток, Требуется 1-ая метка записи!
|
MARC
| LEADER | 00000cam a2200000 a 4500 | ||
|---|---|---|---|
| 001 | UCI8550 | ||
| 003 | CL-VaPUC | ||
| 005 | 20211021124535.0 | ||
| 008 | 080911e20040000SP |||||||||||||||||spa|d | ||
| 999 | |c 331390 |d 331388 | ||
| 020 | |a 8478273298 | ||
| 040 | |c Pontificia Universidad Católica de Valparaíso | ||
| 082 | 0 | 4 | |a 371.102 CAR 2004 |2 21 |
| 100 | 0 | |a Carmen, Luis del |e author |9 532060 | |
| 245 | 1 | 3 | |a La planificación didáctica |
| 250 | |a 1a. edición | ||
| 260 | |a Barcelona, España. |b Graó, |c 2004 | ||
| 300 | |a 114 páginas | ||
| 440 | |a Claves para la Innovación Educativa, |n 27 |9 858029 | ||
| 583 | |a last modification |c 20160914 11:05:29 |k Rodrigo Vera | ||
| 650 | 0 | |a Planificación de la educación |9 307333 | |
| 650 | 0 | |a Aprendizaje |9 254827 | |
| 650 | 0 | |a Innovaciones pedagógicas |9 307471 | |
| 650 | 0 | |a Educación básica |9 224933 | |
| 650 | 0 | |a Educación preescolar |9 260381 | |
| 700 | 0 | |a Carvajal, Francisco |e author |9 532061 | |
| 700 | 0 | |a Codina, Manuel |e author |9 532062 | |
| 852 | |a BIBCUR | ||
| 942 | |c BK |2 ddc | ||
| 945 | |d 20080911 00:00:00 |a rbrito | ||
| 952 | |0 0 |1 0 |4 0 |6 371_102000000000000_CAR_2004 |7 0 |8 A |9 417955 |a BIBEDU |b BIBEDU |d 2019-11-22 |i 4480430 |o 371.102 CAR 2004 |p 4480430 |r 2019-11-22 |w 2019-11-22 |y BK |k EBA | ||
| 952 | |0 0 |1 0 |4 0 |6 371_102000000000000_CAR_2004 |7 0 |8 A |9 417956 |a BIBEDU |b BIBEDU |d 2019-11-22 |i 4740793 |o 371.102 CAR 2004 |p 4740793 |r 2019-11-22 |w 2019-11-22 |y BK |k EFI | ||
| 952 | |0 0 |1 0 |4 0 |6 371_102000000000000_CAR_2004 |7 0 |8 A |9 417957 |a BIBEDU |b BIBEDU |d 2019-11-22 |i 4740807 |o 371.102 CAR 2004 |p 4740807 |r 2019-11-22 |w 2019-11-22 |y BK |k EFI | ||
| 952 | |0 0 |1 0 |4 0 |6 371_102000000000000_CAR_2004 |7 0 |8 A |9 417958 |a BIBEDU |b BIBEDU |d 2019-11-22 |i 478975K |o 371.102 CAR 2004 |p 478975K |r 2019-11-22 |w 2019-11-22 |y BK |k EBA | ||
| 952 | |0 0 |1 0 |4 0 |6 371_102000000000000_CAR_2004 |7 0 |8 A |9 417959 |a BIBEDU |b BIBEDU |d 2019-11-22 |i 4789741 |o 371.102 CAR 2004 |p 4789741 |r 2019-11-22 |w 2019-11-22 |y BK |k EBA | ||
| 952 | |0 0 |1 0 |4 0 |6 371_102000000000000_CAR_2004 |7 0 |8 A |9 417960 |a BIBEDU |b BIBEDU |d 2019-11-22 |i 4789733 |o 371.102 CAR 2004 |p 4789733 |r 2019-11-22 |w 2019-11-22 |y BK |k EBA | ||
| 952 | |0 0 |1 0 |2 ddc |4 0 |6 371_102000000000000_CAR_2004 |7 0 |8 A |9 576855 |a BIBHIS |b BIBHIS |d 2020-11-10 |e 52 |g 22666.95 |i 5577128 |o 371.102 CAR 2004 |p 5577128 |r 2025-01-20 |t 7 |v 22666.95 |w 2020-11-10 |y BK |k HIS | ||